| 000 | 01292njm a22003377a 4500 | ||
|---|---|---|---|
| 005 | 20100920095813.0 | ||
| 007 | sd ammalaaahaa | ||
| 008 | 100904t xxu||||| |||| 00| 0 hin d | ||
| 028 |
_aEAHA.1003 _bODEON |
||
| 028 |
_a2XJE. 837 _bODEON |
||
| 028 |
_a2XJE. 838 _bODEON |
||
| 035 | _aGR-013416 | ||
| 040 | _aSED/VEN | ||
| 100 |
_aMalik, Pankaj _91184 |
||
| 245 |
_aDoctor (Part-1) _bHindustani / _cby The Hits Of Pankaj Malik _h[Sound Recording] : |
||
| 246 | _aडॉक्टर (पंकज मलिक) | ||
| 250 | _aP-1962 | ||
| 260 |
_aDum Dum, India : _bODEON |
||
| 300 |
_a1 sound disc [Gramophone Recording] : _banalog, 33 1/3 rpm ; _c10 in. _fGramophone Records |
||
| 500 | _aBrief Records | ||
| 500 | _aRecord Lables: ODEON, Black | ||
| 505 | _aSong Side-1; आज अपनी मेहनतों का (डॉक्टर) (पंकज मलिक) Song Side-2;,ये रातें ये मौसम (गीत) (पंकज मलिक) Part 2 | ||
| 600 |
_aMalik, Pankaj _920735 |
||
| 650 |
_aClassical Music _xExcerpts _zIndia _918309 |
||
| 700 | _918319 | ||
| 700 | _918320 | ||
| 700 | _919413 | ||
| 700 | _919439 | ||
| 942 |
_2ddc _cGR |
||
| 999 |
_c46847 _d46847 |
||